Crónicas de Puebla de los Angeles (Record no. 90)
[ view plain ]
| 000 -CABECERA | |
|---|---|
| campo de control de longitud fija | 00851nam a2200229 a 4500 |
| 001 - NÚMERO DE CONTROL | |
| campo de control | BRCA_105 |
| 005 - FECHA Y HORA DE LA ÚLTIMA TRANSACCIÓN | |
| campo de control | 20190320202900.0 |
| 008 - DATOS DE LONGITUD FIJA--INFORMACIÓN GENERAL | |
| campo de control de longitud fija | 910401s1990 mx-a---###---s000-0#spa-d |
| 041 ## - CÓDIGO DE LENGUA | |
| Código de lengua del texto/banda sonora o título independiente | spa |
| 044 ## - CÓDIGO DEL PAÍS DE LA ENTIDAD EDITORA/PRODUCTORA | |
| Código MARC del país | mx |
| 050 #4 - SIGNATURA TOPOGRÁFICA DE LA BIBLIOTECA DEL CONGRESO | |
| Número de clasificación | F1391.P8 |
| Número de documento/Ítem | .Q56 1990 |
| 245 10 - MENCIÓN DE TÍTULO | |
| Título | Crónicas de Puebla de los Angeles |
| Resto del título | según testimonios de algunos viajeros que la visitaron entre los años 1540-1960 |
| Mención de responsabilidad, etc. | Ignacio Ibarra Mazari, compilador. |
| 260 ## - PUBLICACIÓN, DISTRIBUCIÓN, ETC. | |
| Lugar de publicación, distribución, etc. | [Puebla] |
| Nombre del editor, distribuidor, etc. | Gobierno del Estado de Puebla |
| Fecha de publicación, distribución, etc. | [1990] |
| 300 ## - DESCRIPCIÓN FÍSICA | |
| Extensión | 393 p. |
| Otras características físicas | il., mapas |
| Dimensiones | 28 cm. |
| 440 #0 - MENCIÓN DE SERIE/PUNTO DE ACCESO ADICIONAL--TÍTULO | |
| Título | Colección V Centenario |
| 9 (RLIN) | 406 |
| 651 #4 - PUNTO DE ACCESO ADICIONAL DE MATERIA--NOMBRE GEOGRÁFICO | |
| Nombre geográfico | Puebla (México) |
| Subdivisión general | Descripción y viajes |
| 9 (RLIN) | 407 |
| 651 #4 - PUNTO DE ACCESO ADICIONAL DE MATERIA--NOMBRE GEOGRÁFICO | |
| Nombre geográfico | Puebla (México) |
| Subdivisión general | Vida social y costumbres |
| 9 (RLIN) | 408 |
| 651 #4 - PUNTO DE ACCESO ADICIONAL DE MATERIA--NOMBRE GEOGRÁFICO | |
| Nombre geográfico | Puebla (México) |
| Subdivisión general | Historia |
| 9 (RLIN) | 409 |
| 653 0# - TÉRMINO DE INDIZACIÓN--NO CONTROLADO | |
| Término no controlado | Viajeros extranjeros en México |
| 700 1# - PUNTO DE ACCESO ADICIONAL--NOMBRE DE PERSONA | |
| Nombre de persona | Ibarra Mazari, Ignacio |
| Fechas asociadas al nombre | 1976- |
| Término indicativo de función/relación | comp. |
| 9 (RLIN) | 410 |
| 942 ## - ELEMENTOS DE PUNTO DE ACCESO ADICIONAL (KOHA) | |
| Fuente del sistema de clasificación o colocación | Library of Congress Classification |
| Tipo de ítem Koha | Libros |
| Estado de retiro | Estado de pérdida | Estado dañado | No para préstamo | Localización permanente | Ubicación/localización actual | Fecha de adquisición | Total de préstamos | Signatura topográfica completa | Código de barras | Fecha visto por última vez | Precio válido a partir de | Tipo de ítem Koha |
|---|---|---|---|---|---|---|---|---|---|---|---|---|
| El ejemplar forma parte de la colección y puede ser consultado según las políticas vigentes. | Biblioteca del Museo Franz Mayer (Rogerio Casas-Alatriste) | Biblioteca del Museo Franz Mayer (Rogerio Casas-Alatriste) | 25/06/2008 | F1391.P8 .Q56 1990 | 00099 | 22/03/2019 | 22/03/2019 | Libros |